Missing Word: Best-Sellers of the 1980s Quiz Stats

 Plays Quiz Updated Oct 1, 2012

Support Sporcle.
Go Orange.
Score 0/20 Timer 03:00
0 Plays Today
Book Missing % Correct
Patriot ___Games
87.2%
___ SemataryPet
86.7%
North and ___South
86.5%
Presumed ___Innocent
76.3%
Gorky ___Park
75.1%
The Satanic ___Verses
68.4%
While My Pretty One ___Sleeps
63.6%
The Prince of ___Tides
60.5%
___ Wobegon DaysLake
54.6%
The Little Drummer ___Girl
50.1%
Book Missing % Correct
The ___ of the RoseName
47.1%
The ___ New HampshireHotel
46.6%
Noble ___House
31.9%
The ___ of the DamnedQueen
23.2%
The ___ Battle BookButter
18.5%
The ___ HuntersMammoth
13.8%
...And the Ladies of the ___Club
12.2%
___ DaisyPrincess
11.6%
___ HusbandsHollywood
9.6%
The ___ DomeGlitter
6.5%

Today's Daily Dose

Word Ladder
ING Words

Get the Picture
Nearest Volcano

From the Vault

Remove Ads.
Support Sporcle.
Get the best of Sporcle when you Go Orange. This ad-free experience offers more features, more stats, and more fun while also helping to support Sporcle. Thank you for becoming a member.

Show Comments

Extras

Top Quizzes Today


Score Distribution

Your Account Isn't Verified!

In order to create a playlist on Sporcle, you need to verify the email address you used during registration. Go to your Sporcle Settings to finish the process.

Report this User

Report this user for behavior that violates our Community Guidelines.

Details: